000 00923nam a2200229 4500
001 143607
003 ES-MaACL
005 20230906200844.0
007 t|
008 070214s1973 sp r ||||1| spa d
080 _a616.89
100 1 _aSerigó Segarra, Adolfo.
_9105551
245 1 3 _aLa investigación en psiquiatría :
_b(anotaciones de un proyecto de investigación básica) /
_cAdolfo Serigó Segarra.
260 _aMadrid :
_bPatronato Nacional de Asistencia Psiquiátrica,
_c1973.
300 _a70 p. :
_bil. ;
_c24 cm.
490 1 _aPublicaciones del Patronato Nacional de Asistencia Psiquiátrica. Monografías
650 4 _aPsiquiatría-
_xInvestigación.
_9173395
710 2 _aPatronato Nacional de Asistencia Psiquiátrica (España)
_96191
830 1 _aPublicaciones del Patronato Nacional de Asistencia Psiquiátrica. Monografías
_9181099
852 _aES-MaACL
_jA-7084
999 _c143607
_d143607